000 00609nam a22001697a 4500
005 20251108165432.0
008 250721s1984 xx 000 0 ara d
082 1 4 _aم/810.9/برو
100 1 _aبروكلمان، كارل
_eمؤلف
245 1 0 _aالفهارس العربية لكتاب تاريخ الأدب العربي :
_bالجزء الثاني /
264 1 _aحلب :
_bجامعة حلب - معهدالتراث العلمي العربي،
_c1984.
300 _a136ص
650 1 7 _aالأدب العربي
700 1 _aالخطيب، درية
_eاعداد
942 _2ddc
_cREF
999 _c27868
_d27868